UBT Library

A new approach to sight singing / (Record no. 45102)

000 -LEADER
fixed length control field 00739cam a2200241 a 4500
001 - CONTROL NUMBER
control field 16375251
005 - DATE AND TIME OF LATEST TRANSACTION
control field 20180315053616.0
008 - FIXED-LENGTH DATA ELEMENTS--GENERAL INFORMATION
fixed length control field 100804s2011 nyua 001 0 eng
010 ## - LIBRARY OF CONGRESS CONTROL NUMBER
LC control number 2010033303
020 ## - INTERNATIONAL STANDARD BOOK NUMBER
International Standard Book Number 9780393911503 (pbk.)
020 ## - INTERNATIONAL STANDARD BOOK NUMBER
International Standard Book Number 0393911500 (pbk.)
035 ## - SYSTEM CONTROL NUMBER
System control number (OCoLC)ocn653123073
040 ## - CATALOGING SOURCE
Original cataloging agency DLC
Transcribing agency DLC
Modifying agency YDX
-- YDXCP
-- ZQP
-- BWX
-- CDX
-- TDF
-- DLC
041 ## - LANGUAGE CODE
Language code of text/sound track or separate title eng
080 ## - UNIVERSAL DECIMAL CLASSIFICATION NUMBER
Universal Decimal Classification number 783.0423 BER
082 00 - DEWEY DECIMAL CLASSIFICATION NUMBER
Classification number 783.0423 BER
Edition number 22
100 ## - Rafti
Rafti 45
101 ## - Shkurtesa
Shkurtesa MUZ
245 02 - TITLE STATEMENT
Title A new approach to sight singing /
Statement of responsibility, etc Sol Berkowitz ... [et al.].
906 ## - LOCAL DATA ELEMENT F, LDF (RLIN)
a 7
b cbc
c orignew
d 1
e ecip
f 20
g y-gencatlg
942 ## - ADDED ENTRY ELEMENTS (KOHA)
Source of classification or shelving scheme
Item type Books
Holdings
Withdrawn status Lost status Source of classification or shelving scheme Damaged status Not for loan Collection code Permanent location Current location Shelving location Date acquired Total Checkouts Full call number Barcode Date last seen Price effective from Koha item type
          Koleksioni i përgjithshem UBT - Lipjan UBT - Lipjan Koleksioni i përgjithshem 03/15/2018   783.0423 BER 002-3001885 03/15/2018 03/15/2018 Books
          Koleksioni i përgjithshem UBT - Lipjan UBT - Lipjan Koleksioni i përgjithshem 03/15/2018   783.0423 BER 002-3001886 03/15/2018 03/15/2018 Books
          Koleksioni i përgjithshem UBT - Lipjan UBT - Lipjan Koleksioni i përgjithshem 03/15/2018   783.0423 BER 002-3001881 03/15/2018 03/15/2018 Books
UBT Library © 2015-2024. All rights reserved University Education for Business and Technology